zpět

Detail výsledku týmu

Kozlovna Oskol ČT, Kroměříž

Datum a čas kvízu

32.5 Celkem bodů Celkový počet nahraných bodů na tomto kvízu bez doplňovacích otázek.
8. Pořadí na kvízu Konečné umístění týmu na tomto kvízu.

Zaznamenané odpovědi

# Otázka Odpověď Body Výsledky
1. Automobilka Škoda v minulém tý... Laurin & Klement Kampus 1
2. Vědci představili revoluční zp... hlavy 1
3. V minulém týdnu česká média in... Jeremy Clarkson 1
4. Minulý týden byl oznámen konec... ICQ 1
5. Jak se jmenuje 23letý český te... Tomáš Macháč 0
6. Jak se nazývají dva nejdůležit... Franská říše, Byzantská (Východořímská) říše 1
7. Jak se jmenoval významný střed... Magna Carta (Magna charta libertatum) 1
8. Jak se jmenoval český kníže z... Vratislav 1
9. Vytvořte z těchto středověkých... 1C 2B 3D 4A 0
10. Mezi nejvýznamnější dochované... c) 13. století 1